Busiest Airports in the Benelux - Statistics

General Stats
  • This quiz has been taken 377 times
  • The average score is 9 of 11
Answer Stats
Rank Passenger number (2025) Airport % Correct
1 68 771 960 Amsterdam (Schiphol)
99%
2 24 400 000 Brussels (Zaventem)
99%
6 2 398 820 Rotterdam The Hague
95%
8 240 541 Antwerp International
90%
5 5 300 000 Luxembourg (Findel)
85%
4 6 956 486 Eindhoven
82%
3 11 200 000 Charleroi (Brussels South)
78%
9 138 000 Liège
76%
7 404 000 Ostend-Bruges International
76%
10 152 434 Maastricht Aachen
66%
11 104 406 Groningen
65%
No matching quizzes found
Score Distribution
Percent of People with Each Score
Percentile by Number Answered
Your Score History
You have not taken this quiz